<?xml version="1.0" encoding="UTF-8"?>
<collection xmlns="http://www.loc.gov/MARC21/slim">
 <record>
  <leader>00929nam a2200229 a 4500</leader>
  <controlfield tag="008">091122s1998    ii a     b    000 0 eng d</controlfield>
  <datafield tag="020" ind1=" " ind2=" ">
   <subfield code="a">8174886788 (set)</subfield>
  </datafield>
  <datafield tag="040" ind1=" " ind2=" ">
   <subfield code="a">HY0</subfield>
   <subfield code="c">HY0</subfield>
   <subfield code="d">LGG</subfield>
  </datafield>
  <datafield tag="082" ind1="0" ind2="0">
   <subfield code="a">338.927</subfield>
   <subfield code="2">21</subfield>
  </datafield>
  <datafield tag="245" ind1="1" ind2="0">
   <subfield code="a">International encyclopaedia of sustainable development /</subfield>
   <subfield code="c">edited by P.C. Sinha.</subfield>
  </datafield>
  <datafield tag="260" ind1=" " ind2=" ">
   <subfield code="a">New Delhi :</subfield>
   <subfield code="b">Anmol Publications, </subfield>
   <subfield code="c">1998.</subfield>
  </datafield>
  <datafield tag="300" ind1=" " ind2=" ">
   <subfield code="a">viii, 350 p. :</subfield>
   <subfield code="b">ill., ;</subfield>
   <subfield code="c">25 cm.</subfield>
  </datafield>
  <datafield tag="362" ind1="0" ind2=" ">
   <subfield code="a">Vol. 19.</subfield>
  </datafield>
  <datafield tag="500" ind1="0" ind2=" ">
   <subfield code="a">v. 19. Population explosion.</subfield>
  </datafield>
  <datafield tag="541" ind1="1" ind2=" ">
   <subfield code="e">00008079</subfield>
  </datafield>
  <datafield tag="650" ind1=" " ind2="0">
   <subfield code="a">Sustainable development </subfield>
   <subfield code="x">Environmental aspects.</subfield>
  </datafield>
  <datafield tag="650" ind1=" " ind2="0">
   <subfield code="a">Biodiversity conservation.</subfield>
  </datafield>
  <datafield tag="650" ind1=" " ind2="0">
   <subfield code="a">Nature conservation.</subfield>
  </datafield>
  <datafield tag="700" ind1="1" ind2=" ">
   <subfield code="a">Sinha, P. C.</subfield>
  </datafield>
  <datafield tag="852" ind1="4" ind2=" ">
   <subfield code="a">Ayesha Abed Library</subfield>
   <subfield code="j">General Shelf</subfield>
  </datafield>
  <datafield tag="999" ind1=" " ind2=" ">
   <subfield code="c">5925</subfield>
   <subfield code="d">5925</subfield>
  </datafield>
  <datafield tag="952" ind1=" " ind2=" ">
   <subfield code="0">0</subfield>
   <subfield code="1">0</subfield>
   <subfield code="2">ddc</subfield>
   <subfield code="4">0</subfield>
   <subfield code="6">338_927000000000000_INT</subfield>
   <subfield code="7">0</subfield>
   <subfield code="9">5911</subfield>
   <subfield code="a">SCL</subfield>
   <subfield code="b">SCL</subfield>
   <subfield code="c">GEN</subfield>
   <subfield code="d">2009-12-06</subfield>
   <subfield code="g">1000.00</subfield>
   <subfield code="l">0</subfield>
   <subfield code="o">338.927 INT</subfield>
   <subfield code="p">3010008079</subfield>
   <subfield code="r">2009-12-06</subfield>
   <subfield code="t">1</subfield>
   <subfield code="v">2000.00</subfield>
   <subfield code="w">2009-12-06</subfield>
   <subfield code="y">BK</subfield>
   <subfield code="x">Transferred from BRACUL to SCL on 08/08/22</subfield>
  </datafield>
 </record>
</collection>
